000 00655cam a2200145 4500500
005 20251228093426.0
041 _afre
042 _adc
100 1 0 _aCadiot, Juliette
_eauthor
245 0 0 _aFrancine HIRSCH Empire of Nations Ethnographic Knowledge and the Making of the Soviet Union , Ithaca, NY: Cornell University Press, 2001.Adrienne Lynn Edgar, , Princeton, Oxford: Princeton University Press, 2004.
260 _c2005.
500 _a44
786 0 _nCahiers du monde russe | Vol 46 | 4 | 2005-11-01 | p. 859zg-990zg | 1252-6576
856 4 1 _uhttps://shs.cairn.info/revue-cahiers-du-monde-russe-2005-4-page-859zg?lang=fr&redirect-ssocas=7080
999 _c1604359
_d1604359